000 00958naa a22002657a 4500
001 BR7909058
003 BR-BrBNA
005 20240918174534.0
007 ta
008 230509b bl.||||| |||| 00| 0 por d
040 _aBR-BrBNA
_bpor
_cBiblioteca Nacional de Agricultura
041 _a(Pt)
072 _aE30; C00
_b/G514
090 _aE30 BR7909058
100 1 _aCarvalho, A.M.F. de
111 1 _aEncontro de Tecnicos da CEPLAC
_cIlheus, BA (Brazil)
_d9-12 Oct 1979
245 1 _aA extensao rural e sua participacao no desenvolvimento agricola [Brasil]
260 3 _aIlheus, BA (Brasil):
_c1979.
500 _aAnais do Encontro de Tecnicos da CEPLAC Ilheus, BA (Brasil): 1979. p. 11-21 (BR7909058-AM)E30
650 _aDESENVOLVIMENTO AGRICOLA
650 _aEXTENSAO RURAL
773 0 _tAnais do Encontro de Tecnicos da CEPLAC
_wE30 BR7909058
_gIlheus, BA (Brasil), 1979. p. 11-21
909 _a202404
_bLucia
_c55
_dLucia Elande
942 _cAM
_2AGRIS
999 _c311859
_d311859